[Event "Österreichische Meisterschafte"]
[Site "Imst"]
[Date "2008.03.21"]
[Round "7.7"]
[White "Exler, Veronika"]
[Black "Benkö, Markus"]
[Result "1/2-1/2"]
[WhiteElo "1974"]
[BlackElo "1943"]
[PlyCount "39"]
[EventDate "2008.03.17"]

1. e4 c5 2. c3 d5 3. exd5 Qxd5 4. d4 Nf6 5. Nf3 e6 6. a3 Nc6 7. Be3 cxd4 8.
cxd4 Be7 9. Nc3 Qd6 10. Bd3 O-O 11. O-O b6 12. Qe2 Bb7 13. Rad1 Rad8 14. Rfe1
Rfe8 15. Bb1 Qb8 16. Qc2 g6 17. h3 Bf8 18. Bg5 Bg7 19. Qc1 Ne7 20. Ne5 1/2-1/2

[Event "Österreichische Meisterschafte"]
[Site "Imst"]
[Date "2008.03.21"]
[Round "7.8"]
[White "Scheiber, Michael"]
[Black "Kuecher, Wolfgang"]
[Result "1/2-1/2"]
[WhiteElo "1943"]
[BlackElo "1818"]
[PlyCount "52"]
[EventDate "2008.03.17"]

1. e4 c6 2. d4 d5 3. exd5 cxd5 4. Bd3 Nf6 5. c3 Bg4 6. Qb3 Qd7 7. Bf4 Nc6 8.
Nd2 e6 9. Ngf3 Be7 10. O-O O-O 11. Ne5 Qc8 12. Nxg4 Nxg4 13. Qc2 Nf6 14. Nf3 a6
15. Ne5 Re8 16. Rae1 Bf8 17. Bg5 Ne4 18. Bh4 f5 19. f3 Nxe5 20. dxe5 Nc5 21. g4
Nxd3 22. Qxd3 Bc5+ 23. Kg2 fxg4 24. fxg4 Qc6 25. Bf2 Rf8 26. Bd4 Rxf1 1/2-1/2

[Event "Österreichische Meisterschafte"]
[Site "Imst"]
[Date "2008.03.21"]
[Round "7.9"]
[White "Bisztyga, Oliver"]
[Black "Zwanowetz, Thomas"]
[Result "0-1"]
[WhiteElo "1814"]
[BlackElo "1859"]
[PlyCount "34"]
[EventDate "2008.03.17"]

1. e4 d6 2. d4 Nf6 3. Nc3 g6 4. Be3 Bg7 5. Qd2 O-O 6. Bh6 e5 7. d5 c6 8. f3
Nxe4 9. Nxe4 Qh4+ 10. g3 Qxh6 11. Qxh6 Bxh6 12. Nxd6 cxd5 13. Rd1 d4 14. Bc4
Nc6 15. Ne2 Na5 16. Rf1 Bh3 17. Rh1 Be3 0-1